ბათუმის შოთა რუსთაველის სახელმწიფო უნივერსიტეტის ბიბლიოთეკა

ალერგია და ალერგიული დაავადებები (ბიბ.ჩანაწერი № 51540)

000 -LEADER
fixed length control field 00690nam a2200205Ia 4500
001 - CONTROL NUMBER
control field 18531
003 - CONTROL NUMBER IDENTIFIER
control field GE_BSU
008 - FIXED-LENGTH DATA ELEMENTS--GENERAL INFORMATION
fixed length control field 181216s||||||||xx |||||||||||||| ||und||
040 ## - CATALOGING SOURCE
Transcribing agency GE_BSU
080 ## - UNIVERSAL DECIMAL CLASSIFICATION NUMBER
Universal Decimal Classification number 616-056.3(075.8)
100 ## - MAIN ENTRY--PERSONAL NAME
Personal name გურგენიძე გ. ჟორჟოლაძე.გ
245 ## - TITLE STATEMENT
Title ალერგია და ალერგიული დაავადებები
260 ## - PUBLICATION, DISTRIBUTION, ETC.
Place of publication, distribution, etc. თბილისი
260 ## - PUBLICATION, DISTRIBUTION, ETC.
Date of publication, distribution, etc. 2001
300 ## - PHYSICAL DESCRIPTION
Extent 428გვ.ილ.
520 ## - SUMMARY, ETC.
Summary, etc. ქსეროქსი
653 ## - INDEX TERM--UNCONTROLLED
Uncontrolled term ალერგია და ალერგიული დაავადებები
653 ## - INDEX TERM--UNCONTROLLED
Uncontrolled term ქსეროქსი
942 ## - ADDED ENTRY ELEMENTS (KOHA)
Koha item type წიგნი
ეგზემპლარები
Withdrawn status Lost status Damaged status Not for loan Date acquired Barcode Date last seen Price effective from Koha item type Public note
        2018-12-17 00293 ქსეროქსი 2018-12-17 2018-12-17 წიგნი ქსეროქსი
        2018-12-17 00294 ქსეროქსი 2018-12-17 2018-12-17 წიგნი ქსეროქსი